Pro Wrestlers by Picture #6 - Statistics

General Stats
  • This quiz has been taken 191 times
  • The average score is 15 of 20
Answer Stats
Picture Answer % Correct
Sheamus
98%
Shane McMahon
96%
Rikishi
94%
John Bradshaw Layfield
93%
Samoa Joe
93%
Sami Zayn
89%
Adam Scherr
88%
Alexa Bliss
88%
Nikki Bella
88%
Diamond Dallas Page
84%
Miro
81%
Scott Steiner
81%
Matt Riddle
78%
Jimmy "Superfly" Snuka
76%
Jade Cargill
67%
George "The Animal" Steele
59%
Dean Malenko
56%
Greg "The Hammer" Valentine
54%
Flyin' Brian Pillman
49%
Thunder Rosa
39%
No matching quizzes found
Score Distribution
Percent of People with Each Score
Percentile by Number Answered
Your Score History
You have not taken this quiz